[Event "CRO-chT3 West"]
[Site "Croatia"]
[Date "2017.03.26"]
[Round "2.4"]
[White "Duda, Dejan"]
[Black "Galic, Simeun"]
[Result "0-1"]
[WhiteElo "1613"]
[BlackElo "1862"]
[PlyCount "81"]
[EventDate "2017.03.25"]
[EventType "team-tourn"]
[EventRounds "9"]
[EventCountry "CRO"]
[SourceTitle "EXT 2019"]
[Source "ChessBase"]
[SourceDate "2018.10.10"]
[SourceVersion "1"]
[SourceVersionDate "2018.10.10"]
[SourceQuality "1"]

1. d4 d5 2. c4 Nf6 3. Nc3 e6 4. Bg5 Bb4 5. e3 Bxc3+ 6. bxc3 h6 7. Bh4 g5 8. Bg3 Ne4 9. Qc2 h5 10. Bd3 h4 11. Be5 Rg8 12. Bxe4 dxe4 13. Qxe4 f5 14. Qf3 Qe7 15. Ne2 Nc6 16. Qh5+ Kd7 17. Rd1 b6 18. f4 g4 19. d5 Nxe5 20. fxe5 Bb7 21. Nd4 Raf8 22. Rf1 exd5 23. Rxf5 Kc8 24. cxd5 Bxd5 25. Rxf8+ Rxf8 26. Qxg4+ Kb7 27. e6 Qc5 28. Rc1 Bxa2 29. Qxh4 Bxe6 30. e4 Bc4 31. Kd2 Qe5 32. Re1 Rh8 33. Qg3 Qa5 34. Rc1 Rg8 35. Qf3 Qg5+ 36. Kd1 Rd8 37. Kc2 c5 38. e5+ Bd5 39. Ne6 Qg6+ 40. Qd3 Bb3+ 41. Kxb3 0-1

[Event "CRO-chT3W"]
[Site "Croatia"]
[Date "2016.04.10"]
[Round "6.6"]
[White "Baljak, Jadranko"]
[Black "Galic, Simeun"]
[Result "0-1"]
[WhiteElo "1836"]
[BlackElo "1883"]
[PlyCount "112"]
[EventDate "2016.03.05"]
[EventType "team-tourn"]
[EventRounds "9"]
[EventCountry "CRO"]
[SourceTitle "CBM 171 Extra"]
[Source "ChessBase"]
[SourceDate "2016.04.26"]
[SourceVersion "1"]
[SourceVersionDate "2016.04.26"]
[SourceQuality "1"]
[WhiteTeam "Senj Velebit"]
[BlackTeam "Delnice"]
[WhiteTeamCountry "CRO"]
[BlackTeamCountry "CRO"]

1. d4 f5 2. Nf3 e6 3. c4 Nf6 4. Bg5 Be7 5. e3 c6 6. Bd3 0-0 7. 0-0 Ne4 8. Bxe7 Qxe7 9. Nbd2 d5 10. cxd5 exd5 11. Ne5 Nd7 12. Ndf3 Rf6 13. Nxd7 Bxd7 14. Ne5 Be8 15. Re1 Rh6 16. g3 g5 17. f3 Nd6 18. Qc2 Qe6 19. a4 Rc8 20. b4 Rc7 21. e4 dxe4 22. fxe4 f4 23. Bc4 Nxc4 24. Qxc4 Qxc4 25. Nxc4 fxg3 26. hxg3 b5 27. axb5 cxb5 28. Ne5 Rc2 29. Rac1 Rhh2 30. Rxc2 Rxc2 31. d5 Kf8 32. Re3 Ke7 33. Nf3 g4 34. Nd4 Rc1+ 35. Kf2 Kd6 36. Ne2 Rc4 37. Nf4 Ke5 38. Nd3+ Kd4 39. Nc5 Rxb4 40. Ne6+ Ke5 41. Nc5 Rb2+ 42. Re2 Rxe2+ 43. Kxe2 Kd4 44. Nb7 b4 45. Nd6 Bd7 46. Kd2 a5 47. Kc2 a4 48. Kb2 a3+ 49. Kb3 Ba4+ 50. Ka2 Bc2 51. Nb5+ Kc5 52. d6 Kxb5 53. d7 Ka4 54. d8Q b3+ 55. Ka1 b2+ 56. Ka2 b1Q# 0-1

[Event "CRO-chT3W"]
[Site "Croatia"]
[Date "2016.04.10"]
[Round "5.6"]
[White "Haidinger, Erik"]
[Black "Galic, Simeun"]
[Result "1-0"]
[WhiteElo "1690"]
[BlackElo "1883"]
[PlyCount "115"]
[EventDate "2016.03.05"]
[EventType "team-tourn"]
[EventRounds "9"]
[EventCountry "CRO"]
[SourceTitle "CBM 171 Extra"]
[Source "ChessBase"]
[SourceDate "2016.04.26"]
[SourceVersion "1"]
[SourceVersionDate "2016.04.26"]
[SourceQuality "1"]
[WhiteTeam "Crikvenica"]
[BlackTeam "Delnice"]
[WhiteTeamCountry "CRO"]
[BlackTeamCountry "CRO"]

1. e4 e5 2. Nf3 Nc6 3. Bc4 h6 4. d4 exd4 5. Nxd4 Qf6 6. Be3 Ne5 7. Bb3 Bb4+ 8. c3 Ba5 9. f4 Ng6 10. 0-0 d6 11. e5 Qe7 12. e6 fxe6 13. Qh5 Qf6 14. Qxa5 b6 15. Qb5+ Bd7 16. Qh5 N8e7 17. Nd2 d5 18. N2f3 c5 19. Ne2 0-0-0 20. Ne5 Be8 21. Nxg6 Bxg6 22. Qg4 Bf5 23. Qf3 g5 24. fxg5 hxg5 25. g4 Qh6 26. Rf2 Be4 27. Qf6 Qxf6 28. Rxf6 Rh4 29. Ng3 Rxg4 30. Bd1 Rxg3+ 31. hxg3 Rh8 32. Bf3 Bxf3 33. Rxf3 g4 34. Rf4 Nf5 35. Bf2 Rg8 36. Kg2 Rg5 37. Ra4 a5 38. b4 axb4 39. cxb4 d4 40. bxc5 bxc5 41. Rc4 Nd6 42. Rcc1 Kb7 43. a4 Rd5 44. a5 Ka6 45. Kf1 e5 46. Ke2 e4 47. Rh1 Nc4 48. Rh6+ Kb5 49. a6 d3+ 50. Kd1 e3 51. Bxe3 Nxe3+ 52. Kd2 Nc4+ 53. Kd1 Ne3+ 54. Kd2 Nc4+ 55. Kc3 d2 56. a7 Rd8 57. Rb1+ Ka4 58. Kxc4 1-0

[Event "CRO-chT3W"]
[Site "Croatia"]
[Date "2016.04.09"]
[Round "4.5"]
[White "Kovacic, Dragutin"]
[Black "Galic, Simeun"]
[Result "1/2-1/2"]
[WhiteElo "1992"]
[BlackElo "1883"]
[PlyCount "171"]
[EventDate "2016.03.05"]
[EventType "team-tourn"]
[EventRounds "9"]
[EventCountry "CRO"]
[SourceTitle "CBM 171 Extra"]
[Source "ChessBase"]
[SourceDate "2016.04.26"]
[SourceVersion "1"]
[SourceVersionDate "2016.04.26"]
[SourceQuality "1"]
[WhiteTeam "Drazice Rjecina"]
[BlackTeam "Delnice"]
[WhiteTeamCountry "CRO"]
[BlackTeamCountry "CRO"]

1. e4 e5 2. Bc4 Bc5 3. Nf3 Nc6 4. Nc3 Nf6 5. d3 h6 6. a3 d6 7. h3 0-0 8. Qe2 Be6 9. Nd5 Bxd5 10. Bxd5 Nxd5 11. exd5 Ne7 12. c4 Ng6 13. 0-0 f5 14. Be3 Bb6 15. Bxb6 axb6 16. g3 Qf6 17. Nh2 Qg5 18. Kh1 f4 19. Qg4 Qxg4 20. Nxg4 f3 21. Rae1 Rf5 22. Ne3 Rh5 23. Kh2 Rf8 24. Nc2 Ne7 25. Re3 Rhf5 26. Ne1 h5 27. g4 Rf4 28. Kg3 h4+ 29. Kxh4 Nf5+ 30. Kg5 Nd4 31. Re4 R4f6 32. h4 Kf7 33. h5 Kg8 34. Rh1 Kh7 35. Rh3 c6 36. dxc6 bxc6 37. Kh4 g6 38. Rg3 gxh5 39. Rh3 hxg4 40. Kxg4+ Kg7 41. Kg3 Rg6+ 42. Kh2 Rh6 43. Rg4+ Kh7 44. Rxh6+ Kxh6 45. Kh3 Rf5 46. Rg8 d5 47. Kg4 Rf4+ 48. Kg3 Nf5+ 49. Kh2 e4 50. Rh8+ Kg7 51. Rh3 Kf6 52. cxd5 cxd5 53. dxe4 dxe4 54. Kg1 Rg4+ 55. Kf1 Ke5 56. Nxf3+ exf3 57. Rxf3 Nd4 58. Rf8 Rg6 59. Rb8 Kd5 60. Ke1 Kc4 61. Rd8 Rg1+ 62. Kd2 Rb1 63. Rc8+ Kb5 64. Kc3 Nc6 65. a4+ Kc5 66. b4+ Kd5 67. b5 Na5 68. Rd8+ Kc5 69. Rc8+ Kd6 70. Rd8+ Kc7 71. Rd4 Rb3+ 72. Kd2 Rb2+ 73. Ke3 Rc2 74. f4 Rc4 75. f5 Rxd4 76. Kxd4 Kd6 77. Ke4 Nb7 78. f6 Ke6 79. f7 Kxf7 80. Kd5 Na5 81. Kd6 Kf6 82. Kc7 Nc4 83. Kb7 Ke6 84. Ka6 Kd7 85. a5 bxa5 86. b6 1/2-1/2

[Event "CRO-chT2 West"]
[Site "Croatia"]
[Date "2014.11.15"]
[Round "7.42"]
[White "Jurman, Roberto"]
[Black "Galic, Simeun"]
[Result "1-0"]
[WhiteElo "2094"]
[BlackElo "1818"]
[PlyCount "57"]
[EventDate "2014.03.15"]
[EventType "team-tourn"]
[EventRounds "9"]
[EventCountry "CRO"]
[SourceTitle "EXT 2019"]
[Source "ChessBase"]
[SourceDate "2018.10.10"]
[SourceVersion "1"]
[SourceVersionDate "2018.10.10"]
[SourceQuality "1"]
[WhiteTeam "Rovinj Batana"]
[BlackTeam "Delnice"]
[WhiteTeamCountry "CRO"]
[BlackTeamCountry "CRO"]

1. c4 e5 2. Nc3 Nf6 3. g3 c6 4. d4 d5 5. dxe5 Ng4 6. cxd5 Bb4 7. Bg2 Nxe5 8. Qd4 Bxc3+ 9. bxc3 f6 10. Ba3 cxd5 11. Bxd5 Nbc6 12. Qe4 Ne7 13. Bb3 Nf7 14. Rd1 Qc7 15. Qe3 a6 16. f4 b5 17. Nf3 Bb7 18. 0-0 Rd8 19. Rxd8+ Nxd8 20. Rd1 Nf7 21. Nd4 Ne5 22. fxe5 fxe5 23. Ne6 Qc6 24. Rd8+ Kf7 25. Nd4+ Qd5 26. Qf3+ Kg6 27. Qg4+ Kf6 28. Bxe7+ Kxe7 29. Qg5+ 1-0

[Event "Opatija op 2nd"]
[Site "Opatija"]
[Date "2014.07.03"]
[Round "6"]
[White "Galic, Simeun"]
[Black "Zhezhov, Emil"]
[Result "0-1"]
[WhiteElo "1957"]
[BlackElo "1742"]
[PlyCount "96"]
[EventDate "2014.06.29"]
[EventType "swiss"]
[EventRounds "9"]
[EventCountry "CRO"]
[SourceTitle "CBM 161 Extra"]
[Source "ChessBase"]
[SourceDate "2014.08.29"]
[SourceVersion "1"]
[SourceVersionDate "2014.08.29"]
[SourceQuality "1"]

1. e4 d6 2. Nc3 g6 3. h3 a6 4. d4 Bg7 5. Nf3 Nd7 6. Ng5 e6 7. Bc4 Ndf6 8. f4 h6 9. Nxf7 Kxf7 10. f5 gxf5 11. exf5 d5 12. fxe6+ Bxe6 13. Bb3 Qd6 14. 0-0 Rf8 15. Bf4 Qd7 16. Be5 Ke8 17. Qe2 Kd8 18. Rae1 Bf7 19. Na4 Qb5 20. Qf3 Qc6 21. Nc5 Re8 22. Qf5 Re7 23. a4 a5 24. Re3 b6 25. Na6 Be6 26. Qg6 Bc8 27. Rc3 Qe8 28. Qd3 Rxe5 29. Nxc7 Re3 30. Nxe8 Rxd3 31. Rxc8+ Kxc8 32. cxd3 Nxe8 33. Bxd5 Bxd4+ 34. Kh2 Ngf6 35. Be6+ Kd8 36. b3 Nc7 37. Bc4 Re8 38. Rf5 Be5+ 39. Kg1 Kd7 40. Kf1 Kd6 41. g4 Ncd5 42. Rf3 Bd4 43. Kg2 Ne3+ 44. Kh1 Nxc4 45. dxc4 Re3 46. Rxe3 Bxe3 47. Kg2 Bg5 48. Kf3 Ke5 0-1

[Event "CRO-chT2 West"]
[Site "Rijeka"]
[Date "2012.04.21"]
[Round "4.25"]
[White "Galic, Simeun"]
[Black "Trtanj, Zoran"]
[Result "0-1"]
[WhiteElo "1977"]
[BlackElo "2013"]
[PlyCount "45"]
[EventDate "2012.03.17"]
[EventType "team-tourn"]
[EventRounds "9"]
[EventCountry "CRO"]
[SourceTitle "EXT 2013"]
[Source "ChessBase"]
[SourceDate "2012.11.22"]
[SourceVersion "1"]
[SourceVersionDate "2012.11.22"]
[SourceQuality "1"]

1. e4 c6 2. Nc3 d5 3. d4 dxe4 4. Nxe4 Bf5 5. Nc3 Nf6 6. Bc4 e6 7. Nf3 Bd6 8. h3 Nbd7 9. 0-0 0-0 10. Ng5 h6 11. Nf3 Re8 12. Be3 Qc7 13. Qd2 Rad8 14. Bd3 Bxd3 15. Qxd3 Nf8 16. Rad1 Ng6 17. Ne4 Nxe4 18. Qxe4 Qa5 19. b3 Qh5 20. c4 Bb8 21. Rd2 f5 22. g4 Qxh3 23. Ne5 0-1

[Event "CRO-chT2 West"]
[Site "Rijeka"]
[Date "2012.03.17"]
[Round "1.35"]
[White "Klobucar, Damir"]
[Black "Galic, Simeun"]
[Result "0-1"]
[WhiteElo "1889"]
[BlackElo "1977"]
[PlyCount "54"]
[EventDate "2012.03.17"]
[EventType "team-tourn"]
[EventRounds "9"]
[EventCountry "CRO"]
[SourceTitle "EXT 2013"]
[Source "ChessBase"]
[SourceDate "2012.11.22"]
[SourceVersion "1"]
[SourceVersionDate "2012.11.22"]
[SourceQuality "1"]

1. d4 d5 2. c4 c6 3. Nc3 e6 4. e3 Bb4 5. Bd3 Bxc3+ 6. bxc3 Nf6 7. Nf3 Nbd7 8. 0-0 0-0 9. cxd5 exd5 10. c4 Ne4 11. cxd5 cxd5 12. Bxe4 dxe4 13. Nd2 Nf6 14. h3 Be6 15. f3 Bd5 16. fxe4 Nxe4 17. Nxe4 Bxe4 18. Qg4 f5 19. Qf4 Rf6 20. Rf2 Rg6 21. Kh2 Qd5 22. g3 Rc6 23. Ba3 Rac8 24. Rd1 h6 25. h4 Rc3 26. Bd6 Rc2 27. Rdd2 Qxa2 0-1

[Event "CRO-chT3 West"]
[Site "Croatia"]
[Date "2010.04.24"]
[Round "4.31"]
[White "Galic, Simeun"]
[Black "Rukavina, Damir"]
[Result "1-0"]
[WhiteElo "2026"]
[BlackElo "2274"]
[PlyCount "145"]
[EventDate "2010.03.27"]
[EventType "team-tourn"]
[EventRounds "9"]
[EventCountry "CRO"]
[SourceTitle "EXT 2012"]
[Source "ChessBase"]
[SourceDate "2011.11.24"]
[SourceVersion "1"]
[SourceVersionDate "2011.11.24"]
[SourceQuality "1"]

1. e4 c5 2. Bc4 e6 3. Nc3 Nc6 4. a3 Nf6 5. d3 Be7 6. f4 d5 7. exd5 exd5 8. Ba2 Bg4 9. Qd2 0-0 10. h3 Be6 11. Nf3 d4 12. Ne4 Bxa2 13. Rxa2 Qd5 14. c4 dxc3 15. Nxc3 Qd6 16. 0-0 Rad8 17. Rd1 Rd7 18. Qf2 Rfd8 19. Be3 b6 20. f5 Nd4 21. Nxd4 cxd4 22. Bf4 Qc5 23. Ne2 Qxf5 24. Ng3 Qd5 25. b4 a5 26. Rb2 axb4 27. axb4 Rc8 28. Re1 Qb5 29. Qf3 Qd5 30. Qd1 Bd6 31. Bxd6 Rxd6 32. Rbe2 Re6 33. Ne4 Nxe4 34. Rxe4 Rce8 35. Qa4 b5 36. Qc2 h6 37. Rxe6 Rxe6 38. Qc8+ Kh7 39. Rf1 Kg6 40. Qc7 Re2 41. Qg3+ Qg5 42. Qd6+ f6 43. Qc6 Qe3+ 44. Kh2 Qxd3 45. Rf3 Re3 46. Rf4 Re7 47. Rg4+ Kh7 48. Qd5 Qe3 49. Rxd4 Qe5+ 50. Qxe5 Rxe5 51. Kg3 g5 52. Kf3 h5 53. g3 Kg6 54. g4 h4 55. Rd6 Re1 56. Rb6 Rb1 57. Rxb5 Rb2 58. Rb8 Rh2 59. b5 Rxh3+ 60. Ke4 Rg3 61. b6 Rxg4+ 62. Kd5 Rb4 63. Kc5 Rb1 64. b7 Kf5 65. Kc6 g4 66. Rh8 g3 67. Rh5+ Kg4 68. Rb5 Rxb5 69. Kxb5 h3 70. b8Q h2 71. Qb7 f5 72. Kc4 f4 73. Kd3 1-0

[Event "Mediterranean-ch 7th"]
[Site "Rijeka"]
[Date "2009.09.16"]
[Round "8"]
[White "Dubrovic, Mihovil"]
[Black "Galic, Simeun"]
[Result "0-1"]
[WhiteElo "1783"]
[BlackElo "2025"]
[PlyCount "154"]
[EventDate "2009.09.11"]
[EventType "swiss"]
[EventRounds "9"]
[EventCountry "CRO"]
[SourceTitle "CBM 132 Extra"]
[Source "ChessBase"]
[SourceDate "2009.11.03"]
[SourceVersion "1"]
[SourceVersionDate "2009.11.03"]
[SourceQuality "1"]

1. e4 e5 2. Nf3 Nc6 3. Bc4 Bc5 4. d3 h6 5. Nc3 Nf6 6. h3 a6 7. Bd2 d6 8. Bb3 0-0 9. g4 Nd4 10. g5 Nh5 11. Nxe5 Be6 12. Nf3 Nxb3 13. axb3 hxg5 14. Bxg5 f6 15. Be3 Bxe3 16. fxe3 f5 17. Nd4 Qh4+ 18. Kd2 Bd7 19. Qe1 Qd8 20. exf5 Bxf5 21. Nxf5 Rxf5 22. Rf1 Re5 23. Qf2 Qe7 24. Rae1 Re8 25. Nd1 d5 26. c3 c5 27. d4 Nf6 28. Qg1 Ne4+ 29. Kc2 Rg5 30. Qh2 c4 31. b4 Qd7 32. Rg1 Rh5 33. h4 a5 34. bxa5 Qa4+ 35. Kb1 Rxh4 36. Qg2 Rg4 37. Qc2 Qxc2+ 38. Kxc2 Rxg1 39. Rxg1 Ra8 40. Rg2 Rxa5 41. Nf2 Nf6 42. Ng4 Ne8 43. Ne5 Nd6 44. Nd7 Ne4 45. Ne5 Ra6 46. Ng6 Rd6 47. Rg4 Kh7 48. Ne5 g5 49. Nf7 Rg6 50. Ne5 Rg7 51. b3 b5 52. Nc6 Nf6 53. Rg3 g4 54. bxc4 bxc4 55. Ne5 Kh6 56. Rg1 g3 57. Nf3 Kh5 58. Nd2 Kg4 59. Kd1 Kh3 60. Ke2 Ne4 61. Nxe4 dxe4 62. Rh1+ Kg2 63. Rh8 Ra7 64. Rf8 Ra2+ 65. Ke1 Rc2 66. d5 Rxc3 67. d6 Rxe3+ 68. Kd2 Rd3+ 69. Ke2 c3 70. Rc8 Rxd6 71. Rxc3 Kh2 72. Rc8 Rh6 73. Rg8 g2 74. Kf2 Rf6+ 75. Ke2 g1Q 76. Rh8+ Kg2 77. Rg8+ Kh1 0-1

[Event "Mediterranean-ch 7th"]
[Site "Rijeka"]
[Date "2009.09.13"]
[Round "4"]
[White "Savic, Miroslav"]
[Black "Galic, Simeun"]
[Result "1-0"]
[WhiteElo "2288"]
[BlackElo "2025"]
[PlyCount "129"]
[EventDate "2009.09.11"]
[EventType "swiss"]
[EventRounds "9"]
[EventCountry "CRO"]
[SourceTitle "CBM 132 Extra"]
[Source "ChessBase"]
[SourceDate "2009.11.03"]
[SourceVersion "1"]
[SourceVersionDate "2009.11.03"]
[SourceQuality "1"]

1. d4 d5 2. c4 e6 3. Nf3 c5 4. g3 cxd4 5. cxd5 Bb4+ 6. Bd2 Bxd2+ 7. Qxd2 Qxd5 8. Qxd4 Nf6 9. Nc3 Qa5 10. Bg2 Nc6 11. Qh4 Nd5 12. 0-0 Nxc3 13. bxc3 Qxc3 14. Rfc1 Qf6 15. Rab1 Qxh4 16. Nxh4 Kd7 17. Nf3 f6 18. Nd2 Rd8 19. Nb3 Rb8 20. Nc5+ Kc7 21. Na6+ Kd6 22. Rd1+ Ke7 23. Rxd8 bxa6 24. Rxb8 Kxd8 25. Rxc8+ Kxc8 26. Bxc6 Kc7 27. Be4 f5 28. Bxf5 exf5 29. f3 Kd6 30. Kf2 a5 31. Ke3 Ke5 32. Kd3 a4 33. e3 Kd5 34. e4+ fxe4+ 35. fxe4+ Ke5 36. Ke3 a3 37. Kd3 Ke6 38. Kd4 Kd6 39. e5+ Ke6 40. Ke4 g5 41. Kd4 Ke7 42. Kd5 Kd7 43. e6+ Ke7 44. Ke5 Ke8 45. Kf6 g4 46. e7 a6 47. Ke6 h6 48. Kf6 a5 49. Ke6 h5 50. Kd6 a4 51. Ke6 h4 52. Kf6 h3 53. Kg5 Kxe7 54. Kxg4 Kd6 55. Kxh3 Kc5 56. g4 Kc4 57. g5 Kc3 58. g6 Kb2 59. g7 Kxa2 60. g8Q+ Kb2 61. Qb8+ Ka1 62. Qb4 a2 63. Qxa4 Kb1 64. Qxa2+ Kxa2 65. Kg4 1-0

[Event "Mediterranean-ch 7th"]
[Site "Rijeka"]
[Date "2009.09.12"]
[Round "2"]
[White "Martinovic, Sasa"]
[Black "Galic, Simeun"]
[Result "0-1"]
[WhiteElo "2516"]
[BlackElo "2025"]
[PlyCount "68"]
[EventDate "2009.09.11"]
[EventType "swiss"]
[EventRounds "9"]
[EventCountry "CRO"]
[SourceTitle "CBM 132 Extra"]
[Source "ChessBase"]
[SourceDate "2009.11.03"]
[SourceVersion "1"]
[SourceVersionDate "2009.11.03"]
[SourceQuality "1"]

1. d4 d5 2. c4 e6 3. Nc3 Bb4 4. a3 Bxc3+ 5. bxc3 dxc4 6. e4 b5 7. a4 c6 8. Nf3 f6 9. Be2 Ne7 10. Ba3 a5 11. 0-0 Na6 12. h4 Ra7 13. h5 g5 14. Nh2 0-0 15. Ng4 Kg7 16. Qc1 h6 17. f4 f5 18. Ne5 g4 19. Bxe7 Qxe7 20. Nxc6 Qh4 21. Rd1 g3 22. Qe3 fxe4 23. Nxa7 Bb7 24. Bg4 Qxg4 25. axb5 Qh4 26. bxa6 Bd5 27. Nc8 Qh2+ 28. Kf1 Qh1+ 29. Qg1 Rxf4+ 30. Ke2 Qxh5+ 31. Ke1 Rf2 32. Rd2 e3 33. Rda2 Bxg2 34. a7 Qf3 0-1

[Event "CRO-chT3"]
[Site "Rijeka/Pula"]
[Date "2009.04.26"]
[Round "5"]
[White "Galic, Simeun"]
[Black "Marceta, Milan"]
[Result "1-0"]
[WhiteElo "1950"]
[BlackElo "2142"]
[PlyCount "150"]
[EventDate "2009.04.04"]
[EventType "team-tourn"]
[EventRounds "9"]
[EventCountry "CRO"]
[SourceTitle "EXT 2011"]
[Source "ChessBase"]
[SourceDate "2010.11.26"]
[SourceVersion "1"]
[SourceVersionDate "2010.11.26"]
[SourceQuality "1"]

1. e4 c5 2. Nc3 Nc6 3. a3 g6 4. f4 Bg7 5. Bc4 d6 6. Nf3 Bg4 7. Bxf7+ Kf8 8. Ba2 Nf6 9. h3 Bd7 10. d3 e6 11. 0-0 Qe7 12. e5 Ne8 13. Be3 b6 14. Qd2 d5 15. Bxd5 exd5 16. Nxd5 Qf7 17. c4 Be6 18. Ng5 Qd7 19. Nxe6+ Qxe6 20. Rf2 Kg8 21. Raf1 Rd8 22. f5 gxf5 23. Rxf5 Nxe5 24. Qf2 Ng6 25. Bg5 Rd7 26. Re1 Be5 27. Bf6 Rf7 28. Rfxe5 Nxe5 29. Rxe5 Qxe5 30. Bxe5 Rxf2 31. Kxf2 Ng7 32. Bb8 a6 33. Nxb6 Kf7 34. Be5 Re8 35. Bc3 Ne6 36. Nd5 Kg6 37. g3 Nd4 38. Nf4+ Kf5 39. Bxd4 cxd4 40. b4 Ke5 41. a4 Rb8 42. b5 axb5 43. axb5 Ra8 44. Kf3 Ra2 45. Kg4 Rf2 46. h4 Rf1 47. h5 h6 48. b6 Rb1 49. Ng6+ Kd6 50. Kf5 Rxb6 51. Nf4 Rb1 52. Ke4 Rg1 53. Kxd4 Rxg3 54. Ke4 Rg1 55. d4 Rc1 56. c5+ Ke7 57. Kd5 Rf1 58. Ng6+ Kd7 59. Kc4 Rf5 60. c6+ Kd6 61. Ne5 Rxh5 62. Kb5 Rh1 63. Nc4+ Kc7 64. d5 Rh5 65. Kc5 Rg5 66. Na3 h5 67. Nb5+ Kb8 68. Kb6 Rxd5 69. c7+ Kc8 70. Na7+ Kd7 71. c8Q+ Ke7 72. Nc6+ Kf7 73. Qc7+ Kf6 74. Qe7+ Kf5 75. Qf7+ Ke4 1-0

[Event "CRO-chT3"]
[Site "Rijeka/Pula"]
[Date "2009.04.25"]
[Round "4"]
[White "Zelenika, Srdjan"]
[Black "Galic, Simeun"]
[Result "1-0"]
[WhiteElo "2284"]
[BlackElo "1950"]
[PlyCount "49"]
[EventDate "2009.04.04"]
[EventType "team-tourn"]
[EventRounds "9"]
[EventCountry "CRO"]
[SourceTitle "EXT 2011"]
[Source "ChessBase"]
[SourceDate "2010.11.26"]
[SourceVersion "1"]
[SourceVersionDate "2010.11.26"]
[SourceQuality "1"]

1. e4 e5 2. Nf3 Nc6 3. Bc4 Bc5 4. c3 d6 5. 0-0 Bg4 6. h3 h5 7. d3 Qf6 8. Nbd2 Bb6 9. b4 Rh6 10. Re1 Rg6 11. Kf1 Bd7 12. Bb3 Nh6 13. Nc4 Rxg2 14. Kxg2 Bxh3+ 15. Kxh3 Bxf2 16. Rf1 Qe6+ 17. Kg2 Bb6 18. Nxb6 Qg4+ 19. Kf2 axb6 20. Bxh6 0-0-0 21. Rg1 Qd7 22. Rxg7 Rh8 23. Qd2 Nd8 24. Rag1 Qe8 25. Qg5 1-0